000 00306 a2200157 4500
001 164104
020 _a
040 _cMagnum
100 _aCarvalho, Andre
240 1 0 _aAdolescencia
_lpor
245 1 0 _aAdolescencia
362 0 _a1899
440 1 _aLĂȘ
697 _aEDUCACAO FAMILIAR
942 _cBK
999 _c164104
_d164104